000 00352nam a2200145Ia 4500
008 240624s9999 xx 000 0 und d
041 _aeng
082 _a428.2 FOL
100 _aFOLEY BARBARA H
245 _aENGLISH IN ACTION 3
260 _c2003
_aAustralia
_bThomson/Heinle
300 _ax, : 262 : p. : cm. ; 28
365 _cRS
_b10
440 _v2
999 _c10705
_d10705